[Event "Adelaide Checkmate op"]
[Site "Adelaide"]
[Date "2008.10.10"]
[Round "6"]
[White "Rigo, Bernard"]
[Black "Kerr, Bill"]
[Result "0-1"]
[WhiteElo "1820"]
[BlackElo "1937"]
[PlyCount "63"]
[EventDate "2008.07.05"]
[EventType "swiss"]
[EventRounds "7"]
[EventCountry "AUS"]
[SourceTitle "EXT 2023"]
[Source "ChessBase"]
[SourceDate "2022.10.05"]
[SourceVersion "1"]
[SourceVersionDate "2022.10.05"]
[SourceQuality "1"]

1. e4 Nc6 2. Nf3 d6 3. d4 Nf6 4. Nc3 Bg4 5. Be2 e6 6. Be3 d5 7. e5 Nd7 8. a3 Be7 9. 0-0 f6 10. exf6 Bxf6 11. Re1 0-0 12. Qd2 Qe8 13. h3 Bh5 14. g4 Bg6 15. g5 Bd8 16. Nh4 Ne7 17. Bg4 Nf5 18. Nxf5 Bxf5 19. Qe2 c5 20. dxc5 Bxg4 21. Qxg4 Ne5 22. Qg2 Nf3+ 23. Kh1 d4 24. Bxd4 Nxd4 25. Qxb7 Qh5 26. Qg2 Bxg5 27. Re4 Rad8 28. Rg4 Bh6 29. Ne4 Rf3 30. Ng3 Qf7 31. Ne4 Nxc2 32. Rg1 0-1

[Event "Adelaide Checkmate op"]
[Site "Adelaide"]
[Date "2008.07.07"]
[Round "5"]
[White "Cloudsdale, Colin"]
[Black "Rigo, Bernard"]
[Result "1-0"]
[WhiteElo "1991"]
[BlackElo "1820"]
[PlyCount "104"]
[EventDate "2008.07.05"]
[EventType "swiss"]
[EventRounds "7"]
[EventCountry "AUS"]
[SourceTitle "EXT 2023"]
[Source "ChessBase"]
[SourceDate "2022.10.05"]
[SourceVersion "1"]
[SourceVersionDate "2022.10.05"]
[SourceQuality "1"]

1. e4 e5 2. Nf3 Nc6 3. Bb5 a6 4. Ba4 Nf6 5. 0-0 b5 6. Bb3 Bb7 7. Re1 Bc5 8. c3 d6 9. d4 Bb6 10. d5 Ne7 11. Be3 Bxe3 12. Rxe3 Ng4 13. Re1 Ng6 14. g3 Bc8 15. Nbd2 h5 16. h4 Bd7 17. Nf1 0-0 18. Qd2 Qf6 19. Kg2 Rfd8 20. Rad1 Nf8 21. Ng5 Qe7 22. f3 Nh6 23. Nh3 f6 24. Ne3 Kh7 25. Bc2 g6 26. Kh2 Kg7 27. Rg1 Nh7 28. g4 hxg4 29. fxg4 Rh8 30. Nf5+ gxf5 31. gxf5+ Kf7 32. Qxh6 Qf8 33. Qg6+ Ke7 34. Rd2 Be8 35. Qg7+ Bf7 36. Bd1 Qxg7 37. Rxg7 Rag8 38. Rdg2 Kf8 39. R7g3 Rxg3 40. Rxg3 Rg8 41. Be2 Rxg3 42. Kxg3 Kg7 43. a4 Be8 44. axb5 axb5 45. Nf2 c6 46. dxc6 Bxc6 47. Kf3 Kf7 48. Ke3 Nf8 49. Bh5+ Kg7 50. Nd3 Bb7 51. Be8 Kh6 52. Nb4 Nh7 1-0

[Event "Adelaide Checkmate op"]
[Site "Adelaide"]
[Date "2008.07.05"]
[Round "2"]
[White "Freytag, Justin"]
[Black "Rigo, Bernard"]
[Result "0-1"]
[WhiteElo "2073"]
[BlackElo "1820"]
[PlyCount "38"]
[EventDate "2008.07.05"]
[EventType "swiss"]
[EventRounds "7"]
[EventCountry "AUS"]
[SourceTitle "EXT 2010"]
[Source "ChessBase"]
[SourceDate "2010.11.25"]
[SourceVersion "1"]
[SourceVersionDate "2010.11.25"]
[SourceQuality "1"]

1. e4 e5 2. f4 exf4 3. Bc4 d6 4. d4 Qh4+ 5. Kf1 g5 6. Nf3 Qh5 7. h4 h6 8. Nc3 c6 9. e5 d5 10. Bxd5 cxd5 11. Nxd5 Na6 12. Qe2 Bd7 13. e6 fxe6 14. Qe5 Rh7 15. Nxf4 Qg4 16. hxg5 0-0-0 17. g6 Re7 18. Qa5 Bg7 19. Rh5 Bc6 0-1

[Event "Adelaide SA-ch"]
[Site "Adelaide"]
[Date "2008.04.01"]
[Round "9"]
[White "Mdinaradze, Edgar"]
[Black "Rigo, Bernard"]
[Result "1-0"]
[WhiteElo "1908"]
[BlackElo "1777"]
[PlyCount "101"]
[EventDate "2008.02.05"]
[EventType "tourn"]
[EventRounds "11"]
[EventCountry "AUS"]
[SourceTitle "EXT 2010"]
[Source "ChessBase"]
[SourceDate "2010.11.25"]
[SourceVersion "1"]
[SourceVersionDate "2010.11.25"]
[SourceQuality "1"]

1. Nf3 d5 2. d4 Nf6 3. g3 e6 4. Bg2 c5 5. c3 Nc6 6. 0-0 Be7 7. Nbd2 0-0 8. Re1 cxd4 9. cxd4 Qb6 10. e3 a5 11. Nb1 a4 12. Nc3 Qa5 13. Bd2 Bb4 14. Rc1 a3 15. b3 Ne4 16. Nxe4 dxe4 17. Rc5 Qd8 18. Rxc6 Bxd2 19. Rxc8 Qxc8 20. Nxd2 f5 21. Nc4 Qd8 22. Qd2 b5 23. Ne5 Qd6 24. Bf1 Rfd8 25. Qe2 Rab8 26. Rc1 Rb6 27. Qc2 h6 28. Qc3 Ra8 29. Be2 Ra7 30. Qc8+ Kh7 31. Bh5 g5 32. Nf7 Qb8 33. Qxb8 Rxb8 34. Ne5 Rb6 35. Bd1 b4 36. Kf1 Rab7 37. Ke1 Rd6 38. Be2 Kg7 39. Rc5 Rdb6 40. Bc4 Rd6 41. Ke2 Rdb6 42. Rc8 Re7 43. Nc6 Rd7 44. Bxe6 Rd6 45. d5 Rb5 46. Rc7+ Kh8 47. Nd4 Ra5 48. Nxf5 Rxe6 49. dxe6 Kg8 50. Rc8+ Kh7 51. e7 1-0

[Event "Adelaide SA-ch"]
[Site "Adelaide"]
[Date "2007.03.13"]
[Round "6"]
[White "Zulfic, Fedja"]
[Black "Rigo, Bernard"]
[Result "0-1"]
[WhiteElo "1614"]
[BlackElo "1822"]
[PlyCount "88"]
[EventDate "2007.02.06"]
[EventType "tourn"]
[EventRounds "7"]
[EventCountry "AUS"]
[SourceTitle "EXT 2010"]
[Source "ChessBase"]
[SourceDate "2010.11.25"]
[SourceVersion "1"]
[SourceVersionDate "2010.11.25"]
[SourceQuality "1"]

1. c4 Nf6 2. Nc3 c5 3. g3 e6 4. Bg2 d5 5. cxd5 exd5 6. d3 Nc6 7. Bg5 Be6 8. Qb3 Na5 9. Qa4+ Bd7 10. Qf4 Bc6 11. Bxf6 gxf6 12. Qf5 d4 13. Bxc6+ Nxc6 14. Ne4 Be7 15. Nf3 h5 16. 0-0 b6 17. a3 Kf8 18. Rfc1 Qc8 19. Qf4 Qg4 20. Qxg4 hxg4 21. Nh4 Na5 22. Nd2 Rh5 23. Rab1 f5 24. Ng2 Bg5 25. Nf4 Rh6 26. b4 Nb7 27. Nb3 cxb4 28. axb4 Rd6 29. Rc4 Rad8 30. Ra1 a5 31. Rc7 R8d7 32. Rxd7 Rxd7 33. bxa5 bxa5 34. Nxa5 Nd8 35. Kg2 Ne6 36. Nxe6+ fxe6 37. Nc6 Rd6 38. Rc1 Bxc1 39. Ne5 Rd5 40. Nc4 Bg5 41. Nb6 Rb5 42. Nc4 Kg7 43. Kf1 Rb1+ 44. Kg2 Re1 0-1

[Event "AUS-ch reserves"]
[Site "Adelaide"]
[Date "2004.01.03"]
[Round "5.48"]
[White "Lindberg, Eric"]
[Black "Rigo, Bernard"]
[Result "1-0"]
[WhiteElo "1426"]
[BlackElo "1755"]
[PlyCount "77"]
[EventDate "2003.12.??"]
[EventType "swiss"]
[EventRounds "11"]
[EventCountry "AUS"]
[SourceTitle "EXT 2005"]
[Source "ChessBase"]
[SourceDate "2004.11.15"]
[SourceVersion "1"]
[SourceVersionDate "2004.11.15"]
[SourceQuality "1"]

1. d4 d5 2. Nf3 e6 3. Bf4 Nf6 4. e3 c6 5. Bd3 Bd6 6. Bg5 Nbd7 7. Nbd2 h6 8. Bh4 Qb6 9. b3 e5 10. dxe5 Nxe5 11. Nxe5 Bxe5 12. Rb1 Qa5 13. 0-0 Bc3 14. Nf3 Qxa2 15. Nd4 Bg4 16. f3 Be6 17. Be1 Bxd4 18. exd4 b5 19. Ra1 Qb2 20. c3 a5 21. Rf2 Qxa1 22. Qxa1 0-0 23. Ra2 a4 24. bxa4 bxa4 25. Rxa4 Rac8 26. Bg3 Bd7 27. Bd6 Rfe8 28. Ba6 Ra8 29. Bb7 Rxa4 30. Qxa4 Re6 31. Be5 Ne8 32. Qa8 f6 33. Bg3 Kf7 34. Qd8 Re7 35. Bc8 Bxc8 36. Qxc8 f5 37. Qxc6 Nf6 38. Be5 Re6 39. Qb5 1-0

[Event "South Australia-ch"]
[Site "Adelaide"]
[Date "2002.02.26"]
[Round "3"]
[White "Rigo, Bernard"]
[Black "Freytag, Justin"]
[Result "0-1"]
[WhiteElo "1796"]
[BlackElo "2036"]
[PlyCount "62"]
[EventDate "2002.01.12"]
[EventType "tourn"]
[EventRounds "7"]
[EventCountry "AUS"]
[SourceTitle "EXT 2023"]
[Source "ChessBase"]
[SourceDate "2022.10.05"]
[SourceVersion "1"]
[SourceVersionDate "2022.10.05"]
[SourceQuality "1"]

1. e4 c5 2. Nf3 Nc6 3. d4 cxd4 4. Nxd4 Nf6 5. Nc3 e5 6. Ndb5 d6 7. Nd5 Nxd5 8. exd5 Nb8 9. a4 Be7 10. Be2 0-0 11. 0-0 a6 12. Na3 f5 13. Nc4 Nd7 14. f4 exf4 15. Bxf4 Nb6 16. Kh1 Nxc4 17. Bxc4 Qb6 18. Rb1 Bd7 19. b3 Rae8 20. Qf3 Qd4 21. Rbd1 Qf6 22. Bd2 Qg6 23. Bb4 f4 24. Bd3 Qh6 25. Rde1 g5 26. Qf2 g4 27. Rxe7 Rxe7 28. Bd2 Ref7 29. Qd4 g3 30. h3 Bxh3 31. Kg1 Bg4 0-1

[Event "AUS-ch"]
[Site "Melbourne"]
[Date "2002.01.09"]
[Round "11"]
[White "Wright, Ian"]
[Black "Rigo, Bernard"]
[Result "1/2-1/2"]
[WhiteElo "1931"]
[BlackElo "1774"]
[PlyCount "127"]
[EventDate "2001.12.01"]
[EventType "swiss"]
[EventRounds "11"]
[EventCountry "AUS"]
[SourceTitle "EXT 2003"]
[Source "ChessBase"]
[SourceDate "2002.11.25"]
[SourceVersion "1"]
[SourceVersionDate "2002.11.25"]
[SourceQuality "1"]

1. d4 f5 2. Bg5 g6 3. e3 Bg7 4. h4 c5 5. c3 Qb6 6. Qc2 Nc6 7. d5 Ne5 8. Na3 a6 9. Nf3 Nf7 10. Nc4 Qc7 11. Bf4 d6 12. a4 Nf6 13. Qd3 h6 14. Be2 Bd7 15. Nfd2 Ne5 16. Bxe5 dxe5 17. e4 Rd8 18. Qg3 0-0 19. Qxe5 Qxe5 20. Nxe5 Nxe4 21. Nxe4 Bxe5 22. Nxc5 Bc8 23. 0-0-0 Bd6 24. Nb3 Bd7 25. Na5 Rb8 26. b3 Kg7 27. Nc4 Bf4+ 28. Kb2 b5 29. axb5 axb5 30. Na5 b4 31. Nc4 bxc3+ 32. Kxc3 Rfc8 33. Kc2 Rc5 34. g3 Be5 35. f4 Bf6 36. Rhf1 Be8 37. Rf3 Rd8 38. Rfd3 Bf7 39. Bf3 Ra8 40. Kd2 Rb8 41. Ne5 Be8 42. Ke1 g5 43. hxg5 hxg5 44. Nc6 Rb6 45. fxg5 Bxg5 46. Nd4 Bd7 47. Rb1 Rc1+ 48. Rxc1 Bxc1 49. Rd1 Ba3 50. Be2 Bd6 51. Rd3 Be5 52. Nc2 Kf6 53. Na3 Rb8 54. Nc4 Bb5 55. Nxe5 Kxe5 56. Re3+ Kd6 57. Bc4 Bxc4 58. bxc4 Rc8 59. Re6+ Kd7 60. Re5 Rxc4 61. Rxf5 Kd6 62. Kf2 Rd4 63. Ke3 Rxd5 64. Rxd5+ 1/2-1/2